000 00674cam a2200229 4500
008
020 _a0080160603 (hbk.)
049 _aMAIN
090 _aTK1191CEN
110 2 _aCentral Electricity Generating Board.
245 1 0 _aModern power station practice.
250 _a2d rev. and enl. ed.
260 _aOxford,
_aNew York,
_bPergamon Press
_c[1971-
300 _axix,432p.:
_billus., maps.
_c26 cm.
504 _aIncludes bibliographic references.
650 0 _aElectric power-plants.
907 _a.b10215098
_b03-10-06
_c21-09-06
003
005 20230123134248.0
040 _cNUST
942 _cBOOKS
_kTK1191CEN
999 _c162851
_d162851